| 000 | 01097nam a2200313 a 4500 | ||
|---|---|---|---|
| 001 | 000111895 | ||
| 003 | CHAP | ||
| 005 | 20220329144234.0 | ||
| 008 | 150930s2015 mx a |r| ||||||spa d | ||
| 010 | _a108356 | ||
| 011 | _a109328 | ||
| 020 | _a9786071203823 | ||
| 040 | _cCHAP | ||
| 082 | 0 | 4 |
_a633.89097274 _bP21 |
| 245 | 0 | 0 |
_aPaquete tecnológico para la producción de higuerilla (Ricinus communis L.) en Valles Centrales de Oaxaca / _cpor Ma. Antonieta Goytia Juménez, ...[et al.]. |
| 260 |
_aChapingo, Méx. : _bUACH. _bGrupo Interdisciplinario de Investigaciones en Bioenergéticos para el Desarrollo Rural Sustentable, _c2015. |
||
| 300 | _a119 p. | ||
| 590 |
_aE5995AHE _b05 _c20150930 _lUCH01 _h1143 |
||
| 590 |
_aE5995AHE _b05 _c20151001 _lUCH01 _h0726 |
||
| 650 | 1 | 4 |
_aBiomasa. _912825 |
| 650 | 1 | 4 |
_aCultivos _xOaxaca. _930303 |
| 650 | 1 | 4 |
_aEnergía renovable. _936910 |
| 650 | 1 | 4 |
_aHiguerilla _xMejoramiento genético. _9125298 |
| 650 | 1 | 4 |
_aHiguerilla _xRendimiento. _955369 |
| 700 | 1 |
_aGoytia Jiménez, Ma. Antonieta _950145 |
|
| 901 | _aBK | ||
| 942 | _cLIBRO | ||
| 942 | _n0 | ||
| 999 |
_c108356 _d108356 |
||